| Tag |
First Indicator |
Second Indicator |
Subfields |
| LEADER |
00000cam a2200000 4500 |
| 001 |
in00000041161 |
| 005 |
20151007070649.0 |
| 008 |
751229s1962 nyua 00000 eng |
| 035 |
|
|
|a (OCoLC)01904984
|
| 035 |
|
|
|9 AAE4459AM
|
| 040 |
|
|
|a DLC
|c FQG
|d TXA
|d UtOrBLW
|
| 049 |
|
|
|a TXAM
|c [452991]
|
| 090 |
|
|
|a QB45
|b .H95 1963
|
| 092 |
|
|
|a 523.1
|b H997c, 1962
|
| 100 |
1 |
|
|a Hynek, J. Allen
|q (Joseph Allen),
|d 1910-1986.
|
| 245 |
1 |
0 |
|a Challenge of the universe /
|c Student activities by Norman D. Anderson. Illustrated by Helmut Wimmer. Produced as a joint project of the National Science Teachers Association and the National Aeronautics and Space Administration.
|
| 264 |
|
1 |
|a New York :
|b McGraw-Hill,
|c [1962]
|
| 264 |
|
4 |
|c [©1962]
|
| 300 |
|
|
|a 143 pages :
|b illustrations ;
|c 21 cm.
|
| 336 |
|
|
|a text
|b txt
|2 rdacontent
|
| 337 |
|
|
|a unmediated
|b n
|2 rdamedia
|
| 338 |
|
|
|a volume
|b nc
|2 rdacarrier
|
| 490 |
1 |
|
|a A Vistas of science book
|
| 650 |
|
0 |
|a Astronomy.
|
| 830 |
|
0 |
|a Vistas of science book.
|
| 999 |
|
|
|a MARS
|
| 999 |
f |
f |
|s 54491dc8-f2a9-3e9b-a826-8448acd9902e
|i d1f25263-1a11-35ca-ad5f-b34e77f24162
|t 0
|
| 952 |
f |
f |
|p normal
|a Texas A&M University
|b College Station
|c Sterling C. Evans Library
|d Evans: Library Stacks
|t 0
|e QB45 .H95 1963
|h Library of Congress classification
|i unmediated -- volume
|m A14800900867
|
| 998 |
f |
f |
|a QB45 .H95 1963
|t 0
|l Evans: Library Stacks
|